000 00909nmm a2200325 a 4500
003 AR-BaBNM
005 20251128203910.0
008 108019s1983 ||||||||||||||000 | spa||
020 _a92-803-2108-0
040 _cAR-BaBNM
100 1 _aTimár, János
245 1 0 _aL'enseignement supérieur et le développement économique et technique en Hongrie
250 _a1ª ed.
260 _aParís
_bUnesco
_c1983
300 0 _a209 p.
504 _aBibliografía p. 201-209
650 4 _aFORMACION PROFESIONAL
650 4 _aPLANIFICACION DE LA EDUCACION
650 4 _aENSENANZA PROFESIONAL SUPERIOR
650 4 _aTENDENCIAS EDUCACIONALES
650 4 _aTECNOLOGIA EDUCATIVA
650 4 _aPOLITICA EDUCATIVA
651 4 _aHungría
653 _aEDUCACION SUPERIOR
653 _aEDUCACION SECUNDARIA
700 1 _aAvakov, R.
_edirector
710 2 _aUNESCO
942 _cBK
998 _cCarmen
999 _c5388
_d5388